Gibt es eine transnationale bürgergesellschaft? /
Spremljeno u:
| Glavni autor: | |
|---|---|
| Format: | Tekst |
| Oznake: |
Dodaj oznaku
Bez oznaka, Budi prvi tko označuje ovaj zapis!
|
MARC
| LEADER | 00000 a a2200000 04500 | ||
|---|---|---|---|
| 001 | 47893 | ||
| 003 | |||
| 040 | |||
| 100 | |a Leggewie, Claus | ||
| 245 | |a Gibt es eine transnationale bürgergesellschaft? / |c Claus Leggewie | ||
| 773 | |g número2, (2001), páginas 154-164 | ||
| 999 | |c 38135 |d 38135 | ||
